000
00296nam a22001217a 4500
008
170529b xxu||||| |||| 00| 0 eng d
041
_a
eng
080
_a
62
100
_a
27
101
_a
IM
245
_a
ADVANCES CONTROL TECHNOLOGY AND ITS TRANSPORT AIICRAFT
_c
HERMAN.A
942
_2
udc
_c
BK
999
_c
14720
_d
14720